Gas and galaxy evolution (Record no. 14612)

MARC details
000 -LEADER
fixed length control field 00990nam a2200265Ia 4500
003 - CONTROL NUMBER IDENTIFIER
control field IN-BaIIA
008 - FIXED-LENGTH DATA ELEMENTS--GENERAL INFORMATION
fixed length control field 211028s9999 xx 000 0 eng d
020 ## - INTERNATIONAL STANDARD BOOK NUMBER
International Standard Book Number 1-58381-077-3
040 ## - CATALOGING SOURCE
Transcribing agency IIA Library
080 ## - UNIVERSAL DECIMAL CLASSIFICATION NUMBER
Universal Decimal Classification number 082.2:52
Item number ASP-240
111 ## - MAIN ENTRY--MEETING NAME
Meeting name or jurisdiction name as entry element 20th Anniversary of the VLA
Location of meeting New Mexico, U.S.A.
Date of meeting or treaty signing 2000 May 21-14
9 (RLIN) 26006
245 #0 - TITLE STATEMENT
Title Gas and galaxy evolution
Remainder of title proceedings of a conference in honor of the 20th anniversary of the VLA held in New Mexico, U.S.A., May 21-14, 2000
Statement of responsibility, etc. edited by J. E. Hibbard, M. P. Rupen and J. H. Van Gorkom
260 ## - PUBLICATION, DISTRIBUTION, ETC.
Place of publication, distribution, etc. California
Name of publisher, distributor, etc. Astronomical Society of the Pacific
Date of publication, distribution, etc. 2001
300 ## - PHYSICAL DESCRIPTION
Extent xxxix, 887p.
490 ## - SERIES STATEMENT
Series statement ASP conference series; v. 240
650 ## - SUBJECT ADDED ENTRY--TOPICAL TERM
Topical term or geographic name entry element Dark matter
9 (RLIN) 14945
650 ## - SUBJECT ADDED ENTRY--TOPICAL TERM
Topical term or geographic name entry element Galaxy evolution
9 (RLIN) 6225
650 ## - SUBJECT ADDED ENTRY--TOPICAL TERM
Topical term or geographic name entry element Galaxy formation
9 (RLIN) 10073
650 ## - SUBJECT ADDED ENTRY--TOPICAL TERM
Topical term or geographic name entry element Gas
9 (RLIN) 2913
650 ## - SUBJECT ADDED ENTRY--TOPICAL TERM
Topical term or geographic name entry element Universe
9 (RLIN) 1987
700 ## - ADDED ENTRY--PERSONAL NAME
Personal name Hibbard, J. E., ed.
9 (RLIN) 26007
700 ## - ADDED ENTRY--PERSONAL NAME
Personal name Rupen, M. P., ed.
9 (RLIN) 26008
700 ## - ADDED ENTRY--PERSONAL NAME
Personal name Van Gorkom, J. H., ed.
9 (RLIN) 26009
942 ## - ADDED ENTRY ELEMENTS (KOHA)
Koha item type Books
Holdings
Withdrawn status Lost status Damaged status Not for loan Home library Current library Shelving location Date acquired Total Checkouts Full call number Barcode Date last seen Price effective from Koha item type
        IIA Library-Bangalore IIA Library-Bangalore General Stacks 29/04/2002   082.2:52/ ASP-240 15534 05/11/2021 29/04/2002 Books

Powered by Koha